banner

Estadística para administración y economía / (Registro nro. 1075)

000 -LEADER
fixed length control field 01399nam a22002417 4500
003 - CONTROL NUMBER IDENTIFIER
control field AR-BaISA
005 - DATE AND TIME OF LATEST TRANSACTION
control field 20220830183612.0
007 - PHYSICAL DESCRIPTION FIXED FIELD--GENERAL INFORMATION
fixed length control field ta
008 - FIXED-LENGTH DATA ELEMENTS--GENERAL INFORMATION
fixed length control field 220830s2004 mx ado|| |||| 001 0 spa d
020 ## - INTERNATIONAL STANDARD BOOK NUMBER
International Standard Book Number 972604974
040 ## - CATALOGING SOURCE
Language of cataloging spa
Transcribing agency AR-BaISA
082 04 - DEWEY DECIMAL CLASSIFICATION NUMBER
Edition number 22
Classification number 310 L578
100 1# - MAIN ENTRY--PERSONAL NAME
9 (RLIN) 2490
Personal name Levin, Richard I.
245 10 - TITLE STATEMENT
Title Estadística para administración y economía /
Statement of responsibility, etc. Richard I. Levin, David S. Rubin
250 ## - EDITION STATEMENT
Edition statement 7ª ed.
260 ## - PUBLICATION, DISTRIBUTION, ETC.
Place of publication, distribution, etc. México:
Name of publisher, distributor, etc. Pearson,
Date of publication, distribution, etc. 2004
300 ## - PHYSICAL DESCRIPTION
Extent XVI, 909 p.:
Other physical details il., fotos, gráfs., tablas
504 ## - BIBLIOGRAPHY, ETC. NOTE
Bibliography, etc. note Índice analítico p.: I1 - I4.
505 ## - FORMATTED CONTENTS NOTE
Title Agrupación y presentación de datos para expresar significados: tablas y gráficas --
-- Medidas de tendencia central y dispersión en distribuciones de frecuencias --
-- Probabilidad I: ideas introductorias --
-- Distribuciones de probabilidad --
-- Muestreo y distribuciones de muestreo --
-- Estimación --
-- Prueba de hipótesis: prueba de una sola muestra --
-- Prueba de hipótesis: prueba de dos muestras --
-- Calidad y control de la calidad --
-- Ji-cuadrada y análisis de varianza --
-- Regresión simple y correlación --
-- Regresión múltiple y modelado --
-- Métodos no paramétricos --
-- Series de tiempo y pronósticos --
-- Números índice --
-- Teorías de decisiones --
-- Estadística con Excel
650 10 - SUBJECT ADDED ENTRY--TOPICAL TERM
9 (RLIN) 173
Topical term or geographic name entry element Estadística y datos numéricos
700 1# - ADDED ENTRY--PERSONAL NAME
9 (RLIN) 2491
Personal name Rubin, David S.
Relator term aut.
942 ## - ADDED ENTRY ELEMENTS (KOHA)
Source of classification or shelving scheme
Koha item type Libros
Edition 22
Existencias
Withdrawn status Lost status Source of classification or shelving scheme Damaged status Not for loan Permanent Location Current Location Date acquired Inventory number Full call number Barcode Date last seen Copy number Price effective from Koha item type Total Checkouts Total Renewals Date last checked out
          Biblioteca ISALUD. Dr. Néstor Rodríguez Campoamor Biblioteca ISALUD. Dr. Néstor Rodríguez Campoamor 2022-08-30 2454 310 L578 2454 2022-08-30 ej. 1 2022-08-30 Libros      
          Biblioteca ISALUD. Dr. Néstor Rodríguez Campoamor Biblioteca ISALUD. Dr. Néstor Rodríguez Campoamor 2022-08-30 2455 310 L578 2455 2022-08-30 ej. 2 2022-08-30 Libros      
          Biblioteca ISALUD. Dr. Néstor Rodríguez Campoamor Biblioteca ISALUD. Dr. Néstor Rodríguez Campoamor 2022-08-30 4666 310 L578 4666 2026-03-31 ej. 3 2022-08-30 Libros 1 1 2026-03-17